000 01493cam a2200241 4500
001 ABS66799
008 030620n2003 000 0 eng u
035 _a(Sirsi) u122681
100 _aSheridan, P.
245 _aConstruction Act review
260 _c2003
490 _aConstruction Law Journal
_v19(3) 2003, 144-151(9)
520 _aLooks at recent attempts to resist enforcement of adjudicators' decisions in the Housing Grants, Construction and Regeneration Act 1996 and the way in which they have been dealt with by the courts. Reviews s108 of the Act, which touches on the issue of enforcement and how JCT contracts can provide reinforcement of its position. Concludes that s108 provides a judicial basis for enforcement, under which a construction contract can reinforce that the adjudicator's decision is binding (for part two see Abs66800).
590 _aABS
650 _aHOUSING GRANTS, CONSTRUCTION AND REGENERATION ACT 1996
650 _aMANAGEMENT-DISPUTE AVOIDANCE, MANAGEMENT AND RESOLUTION-DISPUTE MANAGEMENT AND RESOLUTION-ALTERNATIVE DISPUTE RESOLUTION-ADJUDICATION
650 _aBUILT ENVIRONMENT-BUILDING CONTRACT FORMS
650 _aENFORCEMENT
650 _aMANAGEMENT-DISPUTE AVOIDANCE, MANAGEMENT AND RESOLUTION-DISPUTE MANAGEMENT AND RESOLUTION-ALTERNATIVE DISPUTE RESOLUTION-ADJUDICATION-ADJUDICATION AWARDS
690 _aMANGEMENT-DISPUTE AVOIDANCE, MANAGEMENT AND RESOLUTION-DISPUTE MANAGEMENT AND RESOLUTION
700 _aHelps, D.
942 _n0
999 _c72897
_d72897